| 000 | 00893nam a22003257a 4500 | ||
|---|---|---|---|
| 003 | OSt | ||
| 005 | 20140401085634.0 | ||
| 008 | 140401b xxu||||| |||| 00| 0 eng d | ||
| 020 | _a0590999168 | ||
| 050 |
_aLB 1049.9 _b.C522s52 1997 |
||
| 100 | _aCherrington, Janelle. | ||
| 245 |
_aPaws and claws / _cJanelle Cherrington ; illustrated by Jean Cassels. |
||
| 260 |
_aNew York : _bScholastic, _cc1997. |
||
| 300 |
_a16 p. : _bcol. ill. ; _c14 cm. |
||
| 440 |
_aScholastic phonics readers _n#52 |
||
| 521 | _aG1 | ||
| 526 | _c200 | ||
| 650 | _aReaders (Primary) | ||
| 650 |
_aReading _vPhonetic method. |
||
| 650 |
_aFoot _vJuvenile literature. |
||
| 650 |
_aHand _vJuvenile literature. |
||
| 650 |
_aClaws _vJuvenile literature. |
||
| 942 |
_2lcc _cBK |
||
| 999 |
_c53419 _d53419 |
||